00837naa a22002297a 4500001001000000003000900010005001700019007000300036008003400039040005400073041000900127072000800136100001600144111008700160245004400247260003700291500011900328650001400447650001300461650001500474773011800489BR8004777BR-BrBNA20240918174639.0ta230509b bl.||||| |||| 00| 0 por d aBR-BrBNAbporcBiblioteca Nacional de Agricultura a(Pt) aP121 aMatzner, H.1 a5. Congresso Nacional de Irrigacao e DrenagemcSao Paulo, SP (Brazil)d29 Sep 19801 aSistema lazer para irrigacao e drenagem3 aSao Paulo, SP (Brasil): c1980.  aAnais do 5. Congresso Nacional de Irrigacao e Drenagem Sao Paulo, SP (Brasil): 1980. p. 137-149 (BR8004777-AM)P12  aIRRIGACAO aDRENAGEM aRAIO LASER0 tAnais do 5. Congresso Nacional de Irrigacao e DrenagembwP12 BR8004777gSao Paulo, SP (Brasil), 1980. p. 137-149